MyGZULibrary

General principles of commercial law / (Record no. 9049)

MARC details
000 -LEADER
fixed length control field 00927cam a2200289 a 4500
001 - CONTROL NUMBER
control field 11884498
003 - CONTROL NUMBER IDENTIFIER
control field KF889 HAV 1995
005 - DATE AND TIME OF LATEST TRANSACTION
control field 20210527153126.0
008 - FIXED-LENGTH DATA ELEMENTS--GENERAL INFORMATION
fixed length control field 000107s1997 sa 001 0 eng
010 ## - LIBRARY OF CONGRESS CONTROL NUMBER
LC control number 00311390
020 ## - INTERNATIONAL STANDARD BOOK NUMBER
International Standard Book Number 0702143928
040 ## - CATALOGING SOURCE
Original cataloging agency DLC
Transcribing agency DLC
Modifying agency DLC
043 ## - GEOGRAPHIC AREA CODE
Geographic area code f-sa---
050 00 - LIBRARY OF CONGRESS CALL NUMBER
Classification number KTL920
Item number .G46 1997
082 00 - DEWEY DECIMAL CLASSIFICATION NUMBER
Classification number 346.6807
Edition number 21
245 00 - TITLE STATEMENT
Title General principles of commercial law /
Statement of responsibility, etc. Peter Havenga ... [et al.].
250 ## - EDITION STATEMENT
Edition statement 3rd ed.
260 ## - PUBLICATION, DISTRIBUTION, ETC.
Place of publication, distribution, etc. Kenwyn [South Africa] :
Name of publisher, distributor, etc. Juta,
Date of publication, distribution, etc. 1997.
300 ## - PHYSICAL DESCRIPTION
Extent vii, 358 p. ;
Dimensions 25 cm.
500 ## - GENERAL NOTE
General note Includes index.
600 ## - SUBJECT ADDED ENTRY--PERSONAL NAME
Source of heading or term Commercial law
650 #0 - SUBJECT ADDED ENTRY--TOPICAL TERM
Topical term or geographic name entry element Commercial law
Geographic subdivision South Africa.
700 1# - ADDED ENTRY--PERSONAL NAME
Personal name Havenga, Peter.
906 ## - LOCAL DATA ELEMENT F, LDF (RLIN)
a 7
b cbc
c orignew
d 3
e ncip
f 20
g y-gencatlg
942 ## - ADDED ENTRY ELEMENTS (KOHA)
Source of classification or shelving scheme Library of Congress Classification
Koha item type Books
Edition 3rd ed.
Classification part 920
Item part HAV
Call number prefix KTL
Holdings
Withdrawn status Lost status Damaged status Not for loan Collection code Home library Current library Shelving location Date acquired Inventory number Total Checkouts Total Renewals Full call number Barcode Date last seen Date last checked out Copy number Price effective from Koha item type
        Non-fiction Law Library Law Library General Stacks 05/27/2021 18191 10 1 KTL920 HAV 1991 004543 09/10/2024 06/08/2024 C.1 05/27/2021 Books